ThePolitics of ecology / (Запис № 556514)

МАРК-запис
000 -LEADER
fixed length control field 01145nam a2200265Mi 4500
001 - CONTROL NUMBER
control field thepoliticsofeco00ridgrich
003 - CONTROL NUMBER IDENTIFIER
control field CaSfIA
005 - DATE AND TIME OF LATEST TRANSACTION
control field 20210119102226.0
007 - PHYSICAL DESCRIPTION FIXED FIELD--GENERAL INFORMATION
fixed length control field cr||||
008 - FIXED-LENGTH DATA ELEMENTS--GENERAL INFORMATION
fixed length control field 970815s1971 nyu 000 0 eng d
040 ## - CATALOGING SOURCE
Original cataloging agency GyGoGBV
Description conventions rakwb
Language of cataloging ger
Transcribing agency GBVCP
Modifying agency CaSfIA
020 ## - INTERNATIONAL STANDARD BOOK NUMBER
International Standard Book Number 0525181083
Cancelled/invalid ISBN 0525081083
020 ## - INTERNATIONAL STANDARD BOOK NUMBER
International Standard Book Number 9780525181088
035 ## - SYSTEM CONTROL NUMBER
System control number (OCoLC)258524173
100 1# - MAIN ENTRY--PERSONAL NAME
Personal name Ridgeway, James.
245 13 - TITLE STATEMENT
Title ThePolitics of ecology /
Medium [electronic resource]
Statement of responsibility, etc James Ridgeway.
250 ## - EDITION STATEMENT
Edition statement 6. Pr.
260 ## - PUBLICATION, DISTRIBUTION, ETC. (IMPRINT)
Place of publication, distribution, etc New York :
Name of publisher, distributor, etc Dutton,
Date of publication, distribution, etc 1971.
300 ## - PHYSICAL DESCRIPTION
Extent 222 S.
506 ## - RESTRICTIONS ON ACCESS NOTE
Standardized terminology for access restriction Необхідна авторизація на https://archive.org/ (створення облікового запису безкоштовно)
506 ## - RESTRICTIONS ON ACCESS NOTE
Standardized terminology for access restriction Необхідна авторизація на https://openlibrary.org/ (створення облікового запису безкоштовно)
856 41 - ELECTRONIC LOCATION AND ACCESS
Uniform Resource Identifier <a href="http://www.archive.org/details/thepoliticsofeco00ridgrich">http://www.archive.org/details/thepoliticsofeco00ridgrich</a>
Public note Free eBook from the Internet Archive
856 42 - ELECTRONIC LOCATION AND ACCESS
Uniform Resource Identifier <a href="http://www.openlibrary.org/books/OL24221675M">http://www.openlibrary.org/books/OL24221675M</a>
Public note Additional information and access via Open Library
942 ## - ADDED ENTRY ELEMENTS (KOHA)
Koha item type ЕКнига

Немає доступних примірників.